000 00480nam a22001577a 4500
003 OSt
005 20260123160704.0
008 260123b |||||||| |||| 00| 0 eng d
040 _cMRSPTU
041 _aENG
100 _aParminder Kaur, Supervisor: Abhilasha
245 _aAn Energy Efficient time Synchronization Protocol for Wireless Sensor Networks Using Clustering
260 _bDepartment of CSE, MRSPTU, Bathinda
_c2015
650 _aComputer Science
942 _2ddc
_cTH
_n0
999 _c10746
_d10746